Loading...
| Science - Biology | 0 | 9 | 0 | 0 | 90 | 22 | 49.22 | 7 | 9 | 0.00 | 0.00 |
| Literature - American | 0 | 8 | 0 | 0 | 80 | 28 | 60.13 | 4 | 7 | 0.00 | 0.00 |
| Literature - European | 0 | 8 | 0 | 0 | 80 | 27 | 49.13 | 4 | 8 | 0.00 | 0.00 |
| Literature - World | 0 | 6 | 0 | 0 | 60 | 44 | 75.33 | 0 | 5 | 0.00 | 0.00 |
| Literature - British | 0 | 6 | 0 | 0 | 60 | 50 | 72.33 | 1 | 5 | 0.00 | 0.00 |
| Social Science | 0 | 5 | 1 | 0 | 45 | 29 | 57.80 | 0 | 5 | 0.00 | 0.00 |
| Science - Chemistry | 0 | 6 | 3 | 2 | 45 | 17 | 67.67 | 2 | 5 | 0.00 | 0.00 |
| Philosophy | 0 | 4 | 0 | 0 | 40 | 35 | 72.25 | 0 | 0 | 0.00 | 0.00 |
| Fine Arts - Other | 0 | 3 | 0 | 1 | 30 | 72 | 94.67 | 0 | 2 | 0.00 | 0.00 |
| Science - Other | 0 | 3 | 1 | 0 | 25 | 75 | 87.67 | 0 | 1 | 0.00 | 0.00 |
| History - Other | 0 | 2 | 0 | 1 | 20 | 103 | 106.00 | 0 | 2 | 0.00 | 0.00 |
| Fine Arts - Painting and Sculpture | 0 | 2 | 0 | 0 | 20 | 112 | 112.50 | 0 | 1 | 0.00 | 0.00 |
| Popular Culture | 0 | 2 | 0 | 1 | 20 | 44 | 77.00 | 0 | 0 | 0.00 | 0.00 |
| Fine Arts - Classical Music | 0 | 2 | 0 | 0 | 20 | 42 | 62.50 | 1 | 2 | 0.00 | 0.00 |
| History - World | 0 | 2 | 0 | 1 | 20 | 108 | 109.50 | 0 | 0 | 0.00 | 0.00 |
| Mythology | 0 | 2 | 1 | 0 | 15 | 83 | 83.00 | 1 | 2 | 0.00 | 0.00 |
| Science - Physics | 0 | 2 | 2 | 0 | 10 | 46 | 50.00 | 2 | 2 | 0.00 | 0.00 |
| Geography | 0 | 1 | 0 | 0 | 10 | 88 | 88.00 | 0 | 0 | 0.00 | 0.00 |
| History - European | 0 | 1 | 0 | 1 | 10 | 106 | 106.00 | 0 | 0 | 0.00 | 0.00 |
| History - American | 0 | 1 | 1 | 0 | 5 | 85 | 85.00 | 0 | 1 | 0.00 | 0.00 |